| 000 | 00864nam a2200265Ia 4500 | ||
|---|---|---|---|
| 001 | 21836 | ||
| 005 | 20260320113317.0 | ||
| 008 | 260320s9999||||xx |||||||||||||| ||und|| | ||
| 020 | _a9786120315477 | ||
| 041 | _aESP | ||
| 082 |
_a659.1 _bP27 |
||
| 100 |
_aPassano Paredes, José Luis, _eAUT y EDT |
||
| 245 | 0 |
_aDar en el blanco : _bestrategias de segmentación y posicionamiento |
|
| 246 |
_a _5 _b |
||
| 250 | _aPrimera edición | ||
| 260 |
_aArequipa : _bImprenta Eligraf, _c2025 |
||
| 300 |
_a167 páginas : _bilustraciones, gráficos, cuadros ; _c21 cm. _e |
||
| 440 |
_a _n _v |
||
| 650 | _aTCA | ||
| 653 | _aPublicidad; Posicionamiento; Marketing | ||
| 654 | _aCAN | ||
| 700 |
_a _c |
||
| 856 |
_uhttps://0u20ylred-y-https-www-bibliotechnia-com-mx.itmsp.museknowledge.com/ _zVéase además: Base de datos BiblioTechnia |
||
| 942 |
_cLIB _dJUS _fMAT _2ddc _n |
||
| 999 |
_c21836 _d21836 |
||